Individuálna účtovná závierka za rok 2012 pre podvojné účtovníctvo podnikateľov

Komplexná praktická pomôcka pre podnikateľské subjekty a tých, ktorí sa zúčastňujú procesu zostavovania účtovnej závierky.

Guardado en:
Detalles Bibliográficos
Autor principal: Kardoš, Štefan
Otros Autores: Pastierik, Vladimír
Formato: Capítulo de libro
Materias:
Etiquetas: Agregar Etiqueta
Sin Etiquetas, Sea el primero en etiquetar este registro!

MARC

LEADER 00000naa a2200000 4500
001 0163732
005 20231208085238.7
044 |a SK 
245 1 0 |a Individuálna účtovná závierka za rok 2012 pre podvojné účtovníctvo podnikateľov  |c Štefan Kardoš, Vladimír Pastierik 
520 |a Komplexná praktická pomôcka pre podnikateľské subjekty a tých, ktorí sa zúčastňujú procesu zostavovania účtovnej závierky. 
610 2 0 |a podnikatelia 
610 2 0 |a závierka účtovná 
610 2 0 |a účtovníctvo podvojné 
100 1 |a Kardoš, Štefan 
700 1 |a Pastierik, Vladimír